00933cam a2200265 a 450000100100000000500170001000800410002702000220006804000230009008200260011310000470013924500760018625000110026226000390027330000350031249000170034765000280036465000310039265000310042383000250045491000340047904900090051395201300052299900150065200001005820250129102228.0840921m1987 sp b 000 f spa  a8401321239 (v. 1) aDO-SdBNPcDLCdDLC a863.64bV393ó, 19871 aVázquez-Figueroa, Alberto.d1936-92140310aOcéano, libro primero :bisla de lobos /cAlberto Vázquez-Figueroa. a8a ed. aBarcelona :bPlaza & Janes,c1987. a268 p. :bil., mapas ;c22 cm.1 aP y J exitos 4aNovela española91123 4aNovela de aventuras921693 4aLiteratura española9632 0aP y J exitos.925035 aCatalogación por copia / LC aBNGR 001052708MOaGRbGRcCTd2009-10-03iLF1l0o863.64 V393ó, 1987p10058-10r2020-06-25w2020-06-25y2ZPréstamo interno c9817d9817